| 000 | 00685nam a22002292 4500 | ||
|---|---|---|---|
| 001 | 21527 | ||
| 003 | BD-RjUL | ||
| 005 | 20211209000709.0 | ||
| 008 | 140304s1957 nyua b 000 0 eng c | ||
| 035 | _a(BD-RjUL)21591 | ||
| 040 |
_aDLC/ICU _cCGU _dUKM _dBD-RjUL _beng |
||
| 041 | _aeng | ||
| 082 | 0 |
_a590 _bMOP 1957 |
|
| 100 | 1 |
_aMoore, John A. _d1915-2002 _q John Alexander Moore. _966485 |
|
| 245 | 1 | 0 |
_aPrinciples of zoology / _cIllustrated by Russell Francis Peterson. |
| 260 |
_aNew York : _bOxford University Press, _c1957. |
||
| 300 |
_a667 p. : _bill . ; _c24 cm. |
||
| 504 | _aIncludes bibliographies. | ||
| 650 | 0 |
_aZoology. _966486 |
|
| 942 |
_2ddc _cBK |
||
| 999 |
_c21527 _d21527 |
||